000 00242nam a2200097Ia 4500
001 688369
005 20250826161613.0
008 250824s9999 xx 000 0 und d
245 0 _aGELECEĞE GÜLÜMSE
_cSITKI ASLANHAN
260 _bHAYAT YAYINLARI
999 _c688369
_d688369